000 00310nam a22001337a 4500
008 171002b xxu||||| |||| 00| 0 eng d
020 _a9780618382231
041 _aeng
080 _a37
100 _a47
101 _aEDU
245 _aINVESTING IN YOUR COLLEGE EDUCATION
_cSTEWART.TH
942 _2udc
_cBK
999 _c31134
_d31134